Access 2 developer's guide

Αποθηκεύτηκε σε:
Λεπτομέρειες βιβλιογραφικής εγγραφής
Κύριος συγγραφέας: Jennings, Roger
Μορφή: Βιβλίο
Γλώσσα:English
Δημοσίευση: Indianapolis, Ind. : Sams Pub., c1994
Έκδοση:2nd ed.
Θέματα:
Ετικέτες: Προσθήκη ετικέτας
Δεν υπάρχουν, Καταχωρήστε ετικέτα πρώτοι!

MARC

LEADER 00000cam a2200000 i 4500
001 1/22288
008 960710s1994 eng d
020 |a 0672304538 
035 |l 10021872 
040 |a GR-MY-UA  |b gre  |e aacr 
041 0 |a eng 
082 0 |a 005.7565 
100 1 |a Jennings, Roger. 
245 1 0 |a Access 2 developer's guide /  |c Roger Jennings 
250 |a 2nd ed. 
260 |a Indianapolis, Ind. :   |b Sams Pub.,   |c c1994 
300 |a xlix, 1210 σ.;  |b ill.;  |c 23 cm. ++  |e 1 disk 3.5" 
500 |a System requirements for computer disk: IBM-compatible PC with 386 microprocessor or better; DOS; Microsoft Windows 3.1; Microsoft Access 2.0 or higher; VGA graphics capabilities or better; hard disk with 4MB free space 
504 |a Includes index 
650 0 0 |a Database management. 
852 |a INST  |b CHIOS  |e 19960710  |h 005.7565 JEN  |p 005200001523  |q 005200001523  |t BK  |y 0 
852 |a INST  |b CHIOS  |e 19981103  |h 005.7565 JEN   |p 005200015341  |q 005200015341  |t BK  |y 0 
909 |a Χ  |b 042135 
909 |a X  |b 055033